Statistiques concernant Les éléments chimique par leur symboles

Cliquez ici pour prendre le quiz!

Statistiques générales

  • Ce quiz a été pris 156 fois
  • Le résultat moyen est 106 sur 118

Statistiques - réponses

ZNomSymbôle% Correct
6CarboneC
100%
9FluorF
100%
1HydrogèneH
100%
8OxygèneO
100%
5BoreB
99%
4BérylliumBe
99%
7AzoteN
99%
15PhosphoreP
99%
16SoufreS
99%
13AluminiumAl
98%
18ArgonAr
98%
20CalciumCa
98%
27CobaltCo
98%
29CuivreCu
98%
26FerFe
98%
31GalliumGa
98%
53IodeI
98%
19PotassiumK
98%
3LithiumLi
98%
12MagnésiumMg
98%
10NéonNe
98%
28NickelNi
98%
21ScandiumSc
98%
34SéléniumSe
98%
22TitaneTi
98%
39YttriumY
98%
35BromeBr
97%
17ChloreCl
97%
32GermaniumGe
97%
2HéliumHe
97%
36KryptonKr
97%
44RuthéniumRu
97%
14SiliciumSi
97%
92UraniumU
97%
23VanadiumV
97%
24ChromeCr
96%
52TellureTe
96%
33ArsenicAs
95%
25ManganèseMn
95%
84PoloniumPo
95%
45RhodiumRh
95%
47ArgentAg
94%
56BaryumBa
94%
68ErbiumEr
94%
57LanthaneLa
94%
42MolybdèneMo
94%
78PlatinePt
94%
73TantaleTa
94%
90ThoriumTh
94%
54XénonXe
94%
30ZincZn
94%
58CériumCe
93%
91ProtactiniumPa
93%
37RubidiumRb
93%
38StrontiumSr
93%
85AstateAt
92%
79OrAu
92%
55CésiumCs
92%
49IndiumIn
92%
77IridiumIr
92%
82PlombPb
92%
59PraséodymePr
92%
88RadiumRa
92%
86RadonRn
92%
95AmériciumAm
91%
102NobéliumNo
91%
81ThalliumTl
91%
48CadmiumCd
90%
87FranciumFr
90%
41NiobiumNb
90%
76OsmiumOs
90%
62SamariumSm
90%
43TechnétiumTc
90%
89ActiniumAc
89%
63EuropiumEu
89%
67HolmiumHo
89%
71LutéciumLu
89%
60NéodymeNd
89%
61ProméthiumPm
89%
40ZirconiumZr
89%
66DysprosiumDy
88%
64GadoliniumGd
88%
11SodiumNa
88%
46PalladiumPd
88%
83BismuthBi
87%
72HafniumHf
87%
65TerbiumTb
87%
100FermiumFm
86%
101MendéléviumMd
86%
93NeptuniumNp
86%
94PlutoniumPu
86%
75RhéniumRe
86%
70YtterbiumYb
86%
96CuriumCm
85%
97BerkéliumBk
84%
99EinsteiniumEs
83%
103LawrenciumLr
83%
98CaliforniumCf
82%
115MoscoviumMc
81%
104RutherfordiumRf
81%
69ThuliumTm
80%
51AntimoineSb
79%
107BohriumBh
78%
105DubniumDb
77%
117TennesseTs
77%
106SeaborgiumSg
76%
114FléroviumFl
75%
108HassiumHs
75%
116LivermoriumLv
75%
118OganessonOg
74%
109MeitnériumMt
73%
110DarmstadtiumDs
72%
111RoentgeniumRg
72%
112CoperniciumCn
70%
113NihoniumNh
70%
74TungstèneW
69%
50ÉtainSn
66%
80MercureHg
59%

Distribution des résultats

Percentile par nombre de réponses

% des personnes avec chaque résultat

Votre développement - résultats

Vous n’avez pas pris ce quiz